000 00201 a2200097 4500
001 37930
100 _aIqbal
245 _aKuliyat-e-Iqbal
260 _aLahore
_bAlfaisal
_c1995
090 _c24112
_d24112
942 _aNUST-CAE
_cM
_c15684
999 _c273003
_d273003